[Event "🏆Only Best Player more then 2400 rating (2"]
[Site "SchemingMind.com"]
[Date "2018.11.23"]
[Round "-"]
[White "Keithk"]
[Black "Ramesh Panwar"]
[Result "1/2-1/2"]
[WhiteCountry "ENG"]
[BlackCountry "IND"]
[WhiteElo "2554"]
[WhiteRD "62"]
[BlackElo "2570"]
[BlackRD "67"]
[GameID "434964"]

1. d4 Nf6 2. c4 e6 3. Nf3 b6 4. g3 Bb7 5. Bg2 Bb4+ 6. Bd2 Bxd2+ 7. Qxd2 O-O 8. Nc3 d5 9. cxd5 exd5 10. O-O Re8
11. Rac1 Nbd7 12. Rfd1 c6 13. Qc2 Qe7 14. e3 h6 15. Bh3 Rad8 16. Bg2 a5 17. Ne1 Ba6 18. Nd3 g6 19. Bh3 Kg7 20. Na4 Rb8
21. b3 Bb5 22. Nc3 Ba6 23. Qd2 Rbd8 24. Nf4 Qd6 25. f3 Qe7 26. Re1 Qd6 27. Bf1 Bxf1 28. Kxf1 Nf8 29. Na4 Qc7 30. Nd3 Rc8
31. Kg2 h5 32. Rc2 Qb7 33. Qf2 Ne6 34. h3 Qa6 35. Rd1 Kg8 36. Rcc1 Kg7 37. Rd2 Qb7 38. Rdc2 Ng8 39. Nc3 Qd7 40. Ne2 Qd6
41. g4 hxg4 42. hxg4 f6 43. Rh1 Ne7 44. Qg3 Qxg3+ 45. Kxg3 Rh8 46. Rb1 Nc7 47. Nc3 Kf7 48. Na4 Nb5 49. Rcc1 Na3 50. Rb2 Rb8
51. Rh2 Rxh2 52. Kxh2 g5 53. Kg2 Nb5=
1/2-1/2

[Event "🏆Only Best Player more then 2400 rating (2"]
[Site "SchemingMind.com"]
[Date "2018.11.23"]
[Round "-"]
[White "Rod  Ewan"]
[Black "Ramesh Panwar"]
[Result "1/2-1/2"]
[WhiteCountry "ENG"]
[BlackCountry "IND"]
[WhiteElo "2541"]
[WhiteRD "123"]
[BlackElo "2529"]
[BlackRD "71"]
[GameID "434965"]

1. e4 e5 2. Nf3 Nc6 3. Bb5 a6 4. Ba4 Nf6 5. O-O Be7 6. Re1 b5 7. Bb3 d6 8. c3 O-O 9. h3 h6 10. d4 Re8
11. Nbd2 exd4 12. cxd4 Na5 13. Bc2 c5 14. d5 Nd7 15. b3 Bf6 16. Rb1 Bc3 17. Re3 Bf6 18. Nf1 Ne5 19. Nxe5 dxe5 20. Rc3 Nb7
21. Ng3 Bh4 22. Bd3 Bd7 23. Be3 Rc8 24. a4 Bg5 25. Bxg5 Qxg5 26. Be2 Rc7 27. axb5 axb5 28. Ra1 Nd6 29. Ra6 Qe7 30. Qa1 Rec8
31. Rc2 c4 32. bxc4 Nxc4 33. Ra7 Rxa7 34. Qxa7 Qd8 35. Bxc4 Rxc4 36. Rxc4 bxc4 37. Qa1 Qc7=
1/2-1/2

[Event "🏆Only Best Player more then 2400 rating (2"]
[Site "SchemingMind.com"]
[Date "2018.11.23"]
[Round "-"]
[White "Keithk"]
[Black "Rod  Ewan"]
[Result "1/2-1/2"]
[WhiteCountry "ENG"]
[BlackCountry "ENG"]
[WhiteElo "2540"]
[WhiteRD "61"]
[BlackElo "2541"]
[BlackRD "115"]
[GameID "434966"]

1. d4 Nf6 2. c4 e6 3. Nf3 d5 4. Nc3 Be7 5. Bg5 h6 6. Bh4 O-O 7. e3 b6 8. Be2 Bb7 9. Bxf6 Bxf6 10. cxd5 exd5
11. b4 c6 12. O-O Re8 13. Qb3 a5 14. bxa5 Rxa5 15. a4 Bc8 16. Bd3 Bg4 17. Nd2 Be6 18. Rac1 Ra7 19. Nf3 Nd7 20. Rfe1 Be7=
21. h3 Bd6 22. Qb1 Nf6 23. Ne5 Bd7 24. f4 Ra5 25. Qb3 Re7 26. Rb1 Bc7 27. Qc2 Be8 28. Qf2 c5 29. Bb5 Re6 30. Bxe8 Qxe8
31. Qc2 Qd8 32. Rec1 Ra8=
1/2-1/2

[Event "🏆Only Best Player more then 2400 rating (2"]
[Site "SchemingMind.com"]
[Date "2018.11.28"]
[Round "-"]
[White "Rod  Ewan"]
[Black "kibic"]
[Result "1/2-1/2"]
[WhiteCountry "ENG"]
[BlackCountry "INT"]
[WhiteElo "2534"]
[WhiteRD "101"]
[BlackElo "2542"]
[BlackRD "80"]
[GameID "434971"]

1. e4 e5 2. Nf3 Nc6 3. Bb5 a6 4. Ba4 Nf6 5. O-O Be7 6. Re1 b5 7. Bb3 O-O 8. h3 Bb7 9. d3 d5 10. exd5 Nxd5
11. Nbd2 Qd7 12. a4 f6 13. c3 Na5 14. Bc2 c5 15. axb5 axb5 16. Ne4 Nc6 17. Rxa8 Rxa8 18. Qe2 Kh8 19. h4 f5 20. Ng3 g6
21. Bh6 Bf6 22. Qd2 Re8 23. Bg5 Bxg5 24. Qxg5=
1/2-1/2

[Event "🏆Only Best Player more then 2400 rating (2"]
[Site "SchemingMind.com"]
[Date "2018.11.28"]
[Round "-"]
[White "Ramesh Panwar"]
[Black "kibic"]
[Result "1/2-1/2"]
[WhiteCountry "IND"]
[BlackCountry "INT"]
[WhiteElo "2570"]
[WhiteRD "67"]
[BlackElo "2542"]
[BlackRD "80"]
[GameID "434972"]

1. e4 e5 2. Nf3 Nc6 3. Bb5 a6 4. Ba4 Nf6 5. O-O Be7 6. Re1 b5 7. Bb3 O-O 8. c3 d5 9. exd5 Nxd5 10. Nxe5 Nxe5
11. Rxe5 c6 12. Re1 Bd6 13. d4 Qh4 14. g3 Qh3 15. Qe2 Bg4 16. Qf1 Qh5 17. Nd2 Rae8 18. Rxe8 Rxe8 19. f3 Bh3 20. Qf2 Bf5
21. Nf1 Qg6 22. Bxd5 cxd5 23. Ne3 h5 24. Ng2 Bh3 25. Bd2 Qd3 26. Re1 Rxe1+ 27. Bxe1 Be6 28. b4 g6 29. Qe3 Qb1 30. Qe2 Kg7
31. Qd2 Qf5 32. Qe2 g5 33. Bd2 Qb1+ 34. Kf2 Qf5 35. Ne3 Qg6 36. Ng2 Qf5 37. Ne3=
1/2-1/2

[Event "🏆Only Best Player more then 2400 rating (2"]
[Site "SchemingMind.com"]
[Date "2018.11.24"]
[Round "-"]
[White "Professor"]
[Black "Rod  Ewan"]
[Result "1/2-1/2"]
[WhiteCountry "USA"]
[BlackCountry "ENG"]
[WhiteElo "2542"]
[WhiteRD "83"]
[BlackElo "2534"]
[BlackRD "101"]
[GameID "434984"]

1. e4 c5 2. Nc3 Nc6 3. g3 g6 4. Bg2 Bg7 5. d3 d6 6. Be3 Rb8 7. Qd2 b5 8. Nge2 b4 9. Nd1 Nd4 10. O-O e6
11. Nc1 a5 12. a3 Qb6 13. axb4 axb4 14. c3 Nc6 15. h3 Bd7 16. Kh2 h6 17. f4 Nge7 18. Bf2 O-O 19. Ne3 Qc7 20. g4 g5
21. fxg5 hxg5=
1/2-1/2

[Event "🏆Only Best Player more then 2400 rating (2"]
[Site "SchemingMind.com"]
[Date "2018.11.25"]
[Round "-"]
[White "Professor"]
[Black "Ramesh Panwar"]
[Result "1/2-1/2"]
[WhiteCountry "USA"]
[BlackCountry "IND"]
[WhiteElo "2557"]
[WhiteRD "79"]
[BlackElo "2564"]
[BlackRD "78"]
[GameID "434986"]

1. e4 e5 2. Nf3 Nc6 3. Bb5 a6 4. Ba4 Nf6 5. d3 Bc5 6. c3 b5 7. Bb3 d6 8. O-O O-O 9. h3 h6 10. Re1 Bb6
11. Nbd2 Ne7 12. Nf1 Ng6 13. Ng3 c5 14. a4 Bd7 15. Be3 Qc7 16. Qc1 Rfb8 17. a5 Ba7 18. d4 c4 19. Bc2 b4 20. Nf5 b3
21. Bb1 exd4 22. Bxh6 Bxf5 23. exf5 dxc3 24. Qxc3 Ne7 25. Nh2 Kh7 26. Bxg7 Kxg7 27. Ng4 Ng8 28. Be4 Qc5 29. Rad1 Re8 30. Bxa8 Rxa8
31. Re2 Rd8 32. Re4 Qxf5 33. Rxc4 Kf8 34. Qd3 Qxa5 35. Nxf6 Nxf6 36. Qf3 Qg5 37. Rf4 Kg7 38. Rf5 Qg6 39. g4 d5 40. Kg2 Rc8
41. Qxb3 d4 42. Rd3 Rb8 43. Qc2 Ne4 44. Qc7 Nd6 45. Rg3 Rb7 46. Qa5 f6 47. Qd5 Bb8 48. Qxd4 Nb5 49. Qd5 Nd6 50. b3 Qf7
51. Qxf7+ Nxf7 52. Re3 Nh8 53. g5 Ng6 54. gxf6+ Kf7 55. Kf1 Bd6=
1/2-1/2

[Event "🏆Only Best Player more then 2400 rating (2"]
[Site "SchemingMind.com"]
[Date "2018.11.25"]
[Round "-"]
[White "Keithk"]
[Black "Professor"]
[Result "1/2-1/2"]
[WhiteCountry "ENG"]
[BlackCountry "USA"]
[WhiteElo "2550"]
[WhiteRD "76"]
[BlackElo "2527"]
[BlackRD "91"]
[GameID "434987"]

1. d4 Nf6 2. c4 e6 3. Nf3 Bb4+ 4. Bd2 a5 5. g3 d6 6. Bg2 Nc6 7. O-O e5 8. Bg5 exd4 9. Nxd4 Ne5 10. a3 Bc5
11. Nc3 O-O 12. Nb3 h6 13. Bxf6 Qxf6 14. Nxc5 dxc5 15. Qd5 Qe7 16. Qe4 Re8 17. Rad1 Rb8 18. h3 Nc6 19. Qf4 Ne5 20. Nd5 Qd8
21. Qe3 c6 22. Nc3 Qe7 23. b3 Qf8 24. Qc1 f6 25. Rd2 Kh8 26. Na4 Be6 27. Nb6 Qe7 28. Rfd1 Qc7 29. Na4 b6 30. Kh2 Nf7
31. Qc2 Kg8 32. Nc3 Kf8 33. e3 Qc8 34. Qg6 Rb7 35. Qh5 Rbe7 36. f4 Rd8 37. Rxd8+ Nxd8 38. Rd2 Bf7 39. Qe2 Qc7 40. Bf3 Be8
41. Kg2 Nb7 42. Bg4 h5 43. Bf3 Re6 44. Qd3 Rd6 45. Qe2 Qe7 46. g4 Re6 47. Kf2 h4 48. Rd3 g5 49. Qd1 Kg7 50. Qc1 Nd6
51. a4 Nf7=
1/2-1/2

[Event "🏆Only Best Player more then 2400 rating (2"]
[Site "SchemingMind.com"]
[Date "2018.11.25"]
[Round "-"]
[White "Professor"]
[Black "Jari Laine"]
[Result "1/2-1/2"]
[WhiteCountry "USA"]
[BlackCountry "FIN"]
[WhiteElo "2551"]
[WhiteRD "81"]
[BlackElo "2462"]
[BlackRD "86"]
[GameID "434989"]

1. e4 g6 2. d4 Bg7 3. c3 d6 4. Nf3 Nf6 5. Bd3 O-O 6. O-O Nc6 7. h3 e5 8. Re1 h6 9. Na3 a6 10. Nc2 Re8
11. a4 d5 12. exd5 Qxd5 13. dxe5 Nxe5 14. Nxe5 Rxe5 15. Be3 c5 16. Na3 Bd7 17. a5 Rae8 18. Nc4 Bc6 19. Bf1 R5e6 20. Qxd5 Nxd5
21. g3 Nxe3 22. Nxe3 h5 23. h4 Bh6 24. Ng2 Kf8 25. Red1 Re4 26. f4 Bg7 27. Rd6 R4e6 28. Rxe6 Rxe6 29. Kf2 Rd6 30. Ke1 Bf6
31. Ne3 Rd8 32. Bc4=
1/2-1/2

[Event "🏆Only Best Player more then 2400 rating (2"]
[Site "SchemingMind.com"]
[Date "2018.11.24"]
[Round "-"]
[White "Jari Laine"]
[Black "Ramesh Panwar"]
[Result "1/2-1/2"]
[WhiteCountry "FIN"]
[BlackCountry "IND"]
[WhiteElo "2465"]
[WhiteRD "84"]
[BlackElo "2555"]
[BlackRD "77"]
[GameID "434991"]

1. e4 e5 2. Nf3 Nc6 3. d4 exd4 4. Nxd4 Nf6 5. Nxc6 bxc6 6. e5 Qe7 7. Qe2 Nd5 8. h4 Qe6 9. g3 Bc5 10. Bh3 f5
11. c4 Nb6 12. b3 O-O 13. Nc3 Bb7 14. Bb2 Rae8 15. O-O-O d5 16. cxd5 cxd5 17. Nb5 Qe7 18. Kb1 d4 19. Rhf1 d3 20. Rxd3 Be4
21. f3 Bxd3+ 22. Qxd3 Rd8 23. Qc2 Nd5 24. Rc1 Be3 25. Rd1 Bb6 26. Qc4 Qf7 27. Nd4 Ne7 28. Rc1 Qxc4 29. Rxc4 Rd7 30. Ne6 Rd1+
31. Rc1 Rxc1+ 32. Kxc1 Re8 33. h5 c6 34. Kb1 g6 35. g4 Be3 36. hxg6 hxg6 37. Bf1 fxg4 38. fxg4 Nd5 39. Nd4 Bxd4 40. Bxd4 a5
41. Bc4 Kg7 42. Kc2 Kh6 43. Kd3 Kg5 44. Ke4 Nf6+ 45. Ke3 Nxg4+ 46. Ke4 Nf6+ 47. Kd3 Ng4 48. Ke4 Nf6+ 49. Ke3 Kf5 50. Bd3+ Kg5
51. Bc4 Nd5+ 52. Ke4 Kg4 53. Ba6 Nf6+ 54. Kd3 Nd7 55. Ke4 c5 56. Ba1 Nf6+ 57. Kd3 Nh5 58. Bb5 Rd8+ 59. Ke4 Ng3+ 60. Ke3 Kf5
61. Bd3+ Ke6 62. Bc3 Nf5+ 63. Ke4 Ng3+ 64. Ke3 Nf5+ 65. Ke4 Ke7 66. Bc4 Nh6 67. a4 g5 68. Ke3 Nf5+ 69. Ke4 Ng7 70. Kf3 Ne6
71. Bxa5 Rf8+ 72. Kg2 Rf5 73. Bc3 Nd4 74. a5 Rxe5 75. a6 Kd6 76. b4 Kc6 77. bxc5 Kxc5 78. Bd3 Re7 79. Bd2 Ne6=
1/2-1/2

[Event "🏆Only Best Player more then 2400 rating (2"]
[Site "SchemingMind.com"]
[Date "2018.11.25"]
[Round "-"]
[White "Keithk"]
[Black "Jari Laine"]
[Result "1/2-1/2"]
[WhiteCountry "ENG"]
[BlackCountry "FIN"]
[WhiteElo "2553"]
[WhiteRD "67"]
[BlackElo "2434"]
[BlackRD "84"]
[GameID "434992"]

1. d4 d5 2. c4 e6 3. Nf3 c5 4. cxd5 exd5 5. g3 Nc6 6. Bg2 Nf6 7. O-O Be7 8. Nc3 O-O 9. Bg5 c4 10. Ne5 Be6
11. f4 Ng4 12. Nxg4 Bxg4 13. Bxd5 Bxg5 14. fxg5 Qxg5 15. Rf4 Rad8 16. Qd2 Bh3 17. e4 Be6 18. Raf1 Qe7 19. Bxc6 bxc6 20. e5 Bd5
21. Qe2 c5 22. Nxd5 Rxd5 23. Qxc4 Rxd4 24. Rxd4 cxd4 25. Qxd4 Rd8 26. Qe4 h6 27. Rf2 Qe6 28. a3 Rd5 29. Re2 a5 30. Kg2 Rb5
31. b4 axb4 32. axb4 Qe7 33. e6 fxe6 34. Rb2 Qd6 35. Qc4 Re5 36. b5 Qb6 37. Qc8+ Kh7 38. Qc2+ Kg8 39. Qc8+ Kh7=
1/2-1/2

[Event "🏆Only Best Player more then 2400 rating (2"]
[Site "SchemingMind.com"]
[Date "2018.11.24"]
[Round "-"]
[White "Juan Jose Rivas Maceda"]
[Black "Professor"]
[Result "1/2-1/2"]
[WhiteCountry "PER"]
[BlackCountry "USA"]
[WhiteElo "2548"]
[WhiteRD "93"]
[BlackElo "2529"]
[BlackRD "94"]
[GameID "435005"]

1. e4 e5 2. Nf3 Nc6 3. Bb5 a6 4. Ba4 d6 5. c3 Bd7 6. O-O Nf6 7. Re1 g6 8. d4 b5 9. Bc2 Bg7 10. h3 O-O
11. Be3 Re8 12. Nbd2 Qb8 13. Nh2 a5 14. d5 Ne7 15. Ng4 Nxg4 16. hxg4 c6 17. c4 a4 18. Rb1 bxc4 19. Nxc4 cxd5 20. exd5 Bb5
21. b3 a3 22. Rc1 Ra6 23. Be4 f5 24. gxf5 Nxf5 25. Bg5 Qa7 26. Rc3 Rf8 27. Rf3 Qd7 28. Bc1 Bxc4 29. bxc4 Ra4 30. Bd3 Nd4
31. Rxf8+ Bxf8 32. g3 Ra8 33. Kg2 Qf7 34. Be3 Nf5 35. Bd2 Rb8 36. Qf3 Qd7 37. Rb1 Rb2 38. Bc3 Rxb1 39. Bxb1 Qc7 40. Bxf5 gxf5
41. Qd3 h5 42. Bb4 e4 43. Qc3 Bg7 44. Qc1 h4 45. gxh4 f4 46. Qxf4 Qxc4 47. Bxa3 Qxd5 48. Qxd6 Qxa2 49. Bc1 Qf7 50. Qf4 Qxf4
51. Bxf4 Bf8 52. Kg3 Kh7 53. h5 Bc5 54. Bg5 Bd6+ 55. Kh3 Bc5 56. Be3 Bd6 57. Bg5 Bb4 58. Kh4 Kg7 59. Bc1 Bc5 60. Kg3 Bd6+
61. Bf4 Be7 62. Bd2 Bd6+ 63. Kg4 Bc5 64. Be3 Bb4 65. Kf5 Be1 66. Kg4 Bc3 67. Kf5 Be1 68. Bd4+ Kh6 69. Kg4 Bb4 70. Be3+ Kg7
71. Kg5 Bc3 72. Bc1 Bd4 73. Be3 Bc3 74. Kf4 Kh6 75. Kg4+ Kg7 76. Kh3 Be5 77. Kg2 Bc3 78. Bg5 Be5 79. Kf1 Bc3 80. Ke2 Bd4
81. h6+ Kg6 82. Be3 Bc3 83. Bf4 Bd4 84. Bc1 Kh7 85. Be3 Be5 86. Kd2 Kg6 87. Kc2 Bf6 88. Kd1 Bh4 89. Ke2 Bf6 90. Bf4 Bd4
91. Be3 Bc3 92. Kd1 Bf6 93. Kd2 Be5 94. Ke1 Bf6 95. Kf1 Bc3 96. Kg2 Be5 97. Kh3 Bc3 98. Kg4 Be1 99. Kg3 Kh7 100. Bf4 Kg6
101. Bc1 Bc3 102. Kh4 Be1 103. Kg3 Bc3 104. Kg2 Be5=
1/2-1/2

[Event "🏆Only Best Player more then 2400 rating (2"]
[Site "SchemingMind.com"]
[Date "2018.11.24"]
[Round "-"]
[White "Ramesh Panwar"]
[Black "Juan Jose Rivas Maceda"]
[Result "1/2-1/2"]
[WhiteCountry "IND"]
[BlackCountry "PER"]
[WhiteElo "2529"]
[WhiteRD "71"]
[BlackElo "2589"]
[BlackRD "90"]
[GameID "435007"]

1. e4 e5 2. Nf3 Nc6 3. Bb5 a6 4. Ba4 Nf6 5. O-O Be7 6. Re1 b5 7. Bb3 O-O 8. c3 d5 9. exd5 Nxd5 10. Nxe5 Nxe5
11. Rxe5 c6 12. Re1 Bd6 13. d4 Qh4 14. g3 Qh3 15. Qe2 Bg4 16. Qf1 Qh5 17. Nd2 Rae8 18. Rxe8 Rxe8 19. f3 Bh3 20. Qf2 Bf5
21. Nf1 Qg6 22. Bxd5 cxd5 23. Ne3 h5 24. Nxf5 Qxf5 25. Bd2 h4 26. Re1 Rxe1+ 27. Bxe1 h3 28. Qe2 Qb1 29. a3 g6 30. Kf1=
1/2-1/2

[Event "🏆Only Best Player more then 2400 rating (2"]
[Site "SchemingMind.com"]
[Date "2018.11.27"]
[Round "-"]
[White "Juan Jose Rivas Maceda"]
[Black "Keithk"]
[Result "1-0"]
[WhiteCountry "PER"]
[BlackCountry "ENG"]
[WhiteElo "2566"]
[WhiteRD "89"]
[BlackElo "2541"]
[BlackRD "65"]
[GameID "435008"]

1. e4 e5 2. Nf3 Nc6 3. Bb5 a6 4. Ba4 Nf6 5. O-O Be7 6. Re1 b5 7. Bb3 O-O 8. c3 d5 9. d4 exd4 10. e5 Ne4
11. cxd4 Bf5 12. Nc3 Nxc3 13. bxc3 Na5 14. Bc2 Qd7 15. Bg5 Ba3 16. Bc1 Be7 17. Bg5 Ba3 18. Bc1 Bxc1 19. Rxc1 Bxc2 20. Qxc2 Nc4
21. Ng5 g6 22. Re2 Qg4 23. Nf3 Kg7 24. h3 Qf4 25. Rce1 c6 26. Qd3 Qh6 27. Nh2 Qg5 28. f4 Qxf4 29. Rf1 Qg5 30. Ng4 Ra7
31. Nf6 h5 32. Rf3 h4 33. Ref2 Rb8 34. Rf4 b4 35. cxb4 Rxb4 36. Qf3 Rb1+ 37. Kh2 Qg3+ 38. Qxg3 hxg3+ 39. Kxg3 Ne3 40. Ne8+ Kg8
41. Nd6 Re7 42. R4f3 Nf5+ 43. Nxf5 gxf5 44. Rxf5 Rd1 45. R2f4 c5 46. dxc5 Rc1 47. Ra4 Re6 48. Rg4+ Kf8 49. Rgf4 Re7 50. e6 Rxe6
51. Rxf7+ Ke8 52. Rc7 Re7 53. Rxe7+ Kxe7 54. h4 Rxc5 55. Kg4 Rc8 56. h5 Rg8+ 57. Kf3 a5 58. g4 Ke6 59. Kg3 Ke5 60. h6 d4
61. Rf1 d3 62. Kh4 d2 63. Kh5
1-0

[Event "🏆Only Best Player more then 2400 rating (2"]
[Site "SchemingMind.com"]
[Date "2018.11.24"]
[Round "-"]
[White "Juan Jose Rivas Maceda"]
[Black "Jari Laine"]
[Result "1/2-1/2"]
[WhiteCountry "PER"]
[BlackCountry "FIN"]
[WhiteElo "2569"]
[WhiteRD "92"]
[BlackElo "2465"]
[BlackRD "84"]
[GameID "435009"]

1. e4 g6 2. d4 Bg7 3. c4 d6 4. Nc3 e5 5. Nf3 Nc6 6. Bg5 f6 7. Be3 Nh6 8. dxe5 dxe5 9. Qxd8+ Kxd8 10. Rd1+ Bd7
11. Nd5 Ng4 12. Bc1 Ne7 13. c5 Nxd5 14. exd5 Nh6 15. b3 Bf8 16. Bd3 b6 17. c6 Bg4 18. h3 Bxf3 19. gxf3 Nf7 20. Ba6 Bd6
21. Ke2 Ke8 22. h4 Kf8 23. Bd2 Kg7 24. h5 g5 25. b4 Be7 26. a4 Rad8 27. Bc4 Rhe8 28. Bb3 a6 29. Bc4 b5 30. axb5 Nd6
31. h6+ Kh8 32. Ba2 axb5 33. Bb1 Nc4 34. Bf5 Ra8 35. Bd3 Nxd2 36. Rxd2 Bd6 37. Rb1 Reb8 38. Rc2 Kg8 39. Rbb2 Kf7 40. Rc1 Ra3
41. Be4 Rd8 42. Bf5 Rb8 43. Rh1 Kg8 44. Rc1 Kf7 45. Rbb1 Ra2+ 46. Rc2 Ra3 47. Be4 Kg8 48. Rcb2 Rba8 49. Rb3 Ra2+ 50. R3b2 R2a4=
1/2-1/2

[Event "🏆Only Best Player more then 2400 rating (2"]
[Site "SchemingMind.com"]
[Date "2018.11.24"]
[Round "-"]
[White "Juan Jose Rivas Maceda"]
[Black "Rod  Ewan"]
[Result "1/2-1/2"]
[WhiteCountry "PER"]
[BlackCountry "ENG"]
[WhiteElo "2589"]
[WhiteRD "90"]
[BlackElo "2541"]
[BlackRD "123"]
[GameID "435010"]

1. e4 c5 2. Nf3 d6 3. d4 cxd4 4. Nxd4 Nf6 5. Nc3 a6 6. Be3 e5 7. Nb3 Be6 8. h3 Nc6 9. Be2 Be7 10. O-O O-O
11. Bf3 Rc8 12. Qd2 Nb8 13. a4 Nbd7 14. a5 Re8 15. Rfd1 Qc7 16. Qe1 Nf8 17. Bb6 Qb8 18. Nd2 h6 19. Nf1 Ng6 20. Qe2 Nf4
21. Qd2 Nh7 22. Re1 Bd8 23. Bxd8 Rexd8 24. h4 b5 25. g3 Ng6 26. Na2 Ne7 27. Nb4 Qb7 28. c3 Nc6 29. Nd5 Bxd5 30. Qxd5 Nf6
31. Qa2 b4 32. Ne3 Rc7=
1/2-1/2

[Event "🏆Only Best Player more then 2400 rating (2"]
[Site "SchemingMind.com"]
[Date "2018.11.24"]
[Round "-"]
[White "John Elburg"]
[Black "Juan Jose Rivas Maceda"]
[Result "1/2-1/2"]
[WhiteCountry "NED"]
[BlackCountry "PER"]
[WhiteElo "2535"]
[WhiteRD "102"]
[BlackElo "2589"]
[BlackRD "90"]
[GameID "435020"]

1. e4 e5 2. Nf3 Nc6 3. Bb5 a6 4. Ba4 Nf6 5. O-O Be7 6. Re1 b5 7. Bb3 O-O 8. c3 d5 9. exd5 Nxd5 10. Nxe5 Nxe5
11. Rxe5 c6 12. d4 Bd6 13. Re1 Qh4 14. g3 Qh3 15. Be3 Bg4 16. Qd3 Rae8 17. Nd2 Re6 18. a4 Qh5 19. axb5 axb5 20. Qf1 Bh3
21. Bd1 Bg4 22. Bxg4 Qxg4 23. Qd3 f5 24. c4 bxc4 25. Nxc4 f4 26. Bd2 Rg6 27. Nxd6 fxg3 28. fxg3 Rxd6 29. Rf1 Rdd8 30. Kg2 Rxf1
31. Rxf1 Re8 32. Rf2 h6 33. Qf3 Qg6 34. h4=
1/2-1/2

[Event "🏆Only Best Player more then 2400 rating (2"]
[Site "SchemingMind.com"]
[Date "2018.11.25"]
[Round "-"]
[White "Professor"]
[Black "John Elburg"]
[Result "1/2-1/2"]
[WhiteCountry "USA"]
[BlackCountry "NED"]
[WhiteElo "2550"]
[WhiteRD "82"]
[BlackElo "2532"]
[BlackRD "92"]
[GameID "435021"]

1. e4 e5 2. Nf3 Nc6 3. Bb5 a6 4. Ba4 Nf6 5. d3 d6 6. c3 g6 7. Nbd2 Bg7 8. O-O O-O 9. Re1 b5 10. Bc2 Re8
11. a4 Bb7 12. b4 Qd7 13. Nb3 Nd8 14. h3 c6 15. Na5 Bc8 16. Be3 Qc7 17. Qd2 Bd7 18. axb5 axb5 19. Nb3 Ne6 20. d4 Rxa1
21. Nxa1 exd4 22. cxd4 Nd8 23. Bh6 Be6 24. Bxg7 Kxg7 25. Bd3 Bc4 26. Nc2 Bxd3 27. Qxd3 Ne6 28. g3=
1/2-1/2

[Event "🏆Only Best Player more then 2400 rating (2"]
[Site "SchemingMind.com"]
[Date "2018.11.29"]
[Round "-"]
[White "John Elburg"]
[Black "kibic"]
[Result "1/2-1/2"]
[WhiteCountry "NED"]
[BlackCountry "INT"]
[WhiteElo "2526"]
[WhiteRD "94"]
[BlackElo "2542"]
[BlackRD "80"]
[GameID "435022"]

1. e4 e5 2. Nf3 Nc6 3. Bb5 a6 4. Ba4 Nf6 5. O-O Be7 6. Re1 b5 7. Bb3 O-O 8. c3 d5 9. exd5 Nxd5 10. Nxe5 Nxe5
11. Rxe5 c6 12. d4 Bd6 13. Re1 Qh4 14. g3 Qh3 15. Be3 Bg4 16. Qd3 Rae8 17. Nd2 Re6 18. a4 Qh5 19. axb5 axb5 20. Qf1 Bb8
21. Bxd5 Qxd5 22. c4 bxc4 23. Qxc4 h6 24. Qxd5 cxd5 25. Ra5 Rb6 26. Rxd5 Rxb2 27. Nc4 Rb4 28. Ne5 Be6 29. Nc6 Bxd5 30. Nxb4 Bf3
31. Nd3 f6 32. Bf4 Ba7 33. Re3 Bd5 34. Re7=
1/2-1/2

[Event "🏆Only Best Player more then 2400 rating (2"]
[Site "SchemingMind.com"]
[Date "2018.11.25"]
[Round "-"]
[White "Jari Laine"]
[Black "John Elburg"]
[Result "1/2-1/2"]
[WhiteCountry "FIN"]
[BlackCountry "NED"]
[WhiteElo "2506"]
[WhiteRD "72"]
[BlackElo "2530"]
[BlackRD "97"]
[GameID "435023"]

1. e4 e5 2. Nf3 Nc6 3. d4 exd4 4. Nxd4 Nf6 5. Nxc6 bxc6 6. e5 Qe7 7. Qe2 Nd5 8. Nd2 Nf4 9. Qe3 Ne6 10. Be2 Qc5
11. Qxc5 Bxc5 12. Ne4 Be7 13. Be3 d5 14. exd6 cxd6 15. O-O-O d5 16. Ng3 O-O 17. Nf5 Bf6 18. c3 a5 19. h4 a4 20. a3 Ba6
21. Bxa6 Rxa6 22. g4 Be5 23. Rhe1 Re8 24. Kb1 g6 25. Nd4 Rb8 26. Kc2 Bd6 27. Nxe6 fxe6 28. f4 Rf8 29. Bg1 Re8 30. Be3 Raa8
31. Rh1=
1/2-1/2

[Event "🏆Only Best Player more then 2400 rating (2"]
[Site "SchemingMind.com"]
[Date "2018.11.24"]
[Round "-"]
[White "Rod  Ewan"]
[Black "John Elburg"]
[Result "1/2-1/2"]
[WhiteCountry "ENG"]
[BlackCountry "NED"]
[WhiteElo "2541"]
[WhiteRD "123"]
[BlackElo "2535"]
[BlackRD "102"]
[GameID "435024"]

1. e4 e5 2. Nf3 Nc6 3. Bb5 a6 4. Ba4 Nf6 5. O-O Be7 6. Re1 b5 7. Bb3 O-O 8. c3 d5 9. exd5 Nxd5 10. Nxe5 Nxe5
11. Rxe5 c6 12. d4 Bd6 13. Re1 Qh4 14. g3 Qh3 15. Qe2 Bg4 16. Qf1 Qh5 17. Nd2 Rae8 18. f3 Rxe1 19. Qxe1 Bxf3 20. Nxf3 Qxf3
21. Bd2 Qg4 22. Qf2 Re8 23. Rf1 Qd7 24. Bd1 g6 25. Bf3 f5 26. Qg2 Qf7 27. Qf2 Re6 28. Qg2 Re8 29. Bh6 Bf8 30. Bg5 Be7=
1/2-1/2

[Event "🏆Only Best Player more then 2400 rating (2"]
[Site "SchemingMind.com"]
[Date "2018.11.24"]
[Round "-"]
[White "Ramesh Panwar"]
[Black "John Elburg"]
[Result "1/2-1/2"]
[WhiteCountry "IND"]
[BlackCountry "NED"]
[WhiteElo "2529"]
[WhiteRD "71"]
[BlackElo "2535"]
[BlackRD "102"]
[GameID "435025"]

1. e4 e5 2. Nf3 Nc6 3. Bb5 a6 4. Ba4 Nf6 5. O-O Be7 6. Re1 b5 7. Bb3 O-O 8. c3 d5 9. exd5 Nxd5 10. Nxe5 Nxe5
11. Rxe5 c6 12. d4 Bd6 13. Re1 Qh4 14. g3 Qh3 15. Qe2 Bg4 16. Qf1 Qh5 17. Nd2 Rae8 18. f3 Rxe1 19. Qxe1 Bxf3 20. Nxf3 Qxf3
21. Bd2 Qg4 22. a4 Qd7 23. Qf2 Re8 24. axb5 axb5 25. Rf1 g6 26. Bd1 Bf8 27. Bg4 Qa7 28. Bd1 Bg7 29. Bb3 h5 30. Qf3 Qd7
31. h3 Re6 32. Bg5 f6 33. Bc1 f5 34. g4 fxg4 35. hxg4 Rf6 36. Qe4 Rxf1+ 37. Kxf1 Kh7 38. Kf2 hxg4 39. Bc2 Qf7+ 40. Kg3 Bh6
41. Bxh6 Kxh6 42. Qxg4 Ne3=
1/2-1/2

[Event "🏆Only Best Player more then 2400 rating (2"]
[Site "SchemingMind.com"]
[Date "2018.11.27"]
[Round "-"]
[White "John Elburg"]
[Black "Keithk"]
[Result "1/2-1/2"]
[WhiteCountry "NED"]
[BlackCountry "ENG"]
[WhiteElo "2530"]
[WhiteRD "97"]
[BlackElo "2540"]
[BlackRD "61"]
[GameID "435026"]

1. e4 e5 2. Nf3 Nc6 3. Bb5 a6 4. Ba4 Nf6 5. O-O Be7 6. Re1 b5 7. Bb3 O-O 8. c3 d5 9. exd5 Nxd5 10. Nxe5 Nxe5
11. Rxe5 c6 12. d4 Bd6 13. Re1 Qh4 14. g3 Qh3 15. Be3 Bg4 16. Qd3 Rae8 17. Nd2 Re6 18. a4 Qh5 19. axb5 axb5 20. Qf1 Bh3
21. Bd1 Qf5 22. Qe2 c5 23. Nf3 Bf4 24. Qd2 Nxe3 25. fxe3 Bh6 26. Qf2 Rfe8 27. Bc2 Qh5 28. e4 Rf6 29. Bd1 Bg4 30. Rf1 g6
31. e5 Rf5 32. h4 g5 33. Qg2 cxd4 34. cxd4 gxh4 35. Nxh4 Be3+ 36. Kh2 Rxf1 37. Qxf1 Bxd4 38. Bxg4 Qxg4 39. Nf5 Kh8 40. Nd6 Bxe5
41. Nxf7+ Kg7 42. Nxe5=
1/2-1/2

[Event "🏆Only Best Player more then 2400 rating (2"]
[Site "SchemingMind.com"]
[Date "2018.11.30"]
[Round "-"]
[White "WHvVugt"]
[Black "Ramesh Panwar"]
[Result "1/2-1/2"]
[WhiteCountry "NED"]
[BlackCountry "IND"]
[WhiteElo "2553"]
[WhiteRD "109"]
[BlackElo "2572"]
[BlackRD "73"]
[GameID "435057"]

1. d4 Nf6 2. c4 e6 3. Nc3 Bb4 4. e3 c5 5. Ne2 cxd4 6. exd4 O-O 7. a3 Be7 8. d5 exd5 9. cxd5 Bc5 10. b4 Bd6
11. g3 Re8 12. Bg2 a5 13. Rb1 Be5 14. O-O d6 15. Qd3 axb4 16. axb4 Bd7 17. Nd1 Qb6 18. b5 Bg4 19. Ne3 Nbd7 20. Nxg4 Nxg4
21. Qc4 h5 22. h3 Rec8 23. Qd3 Nc5 24. Qd1 Nf6 25. Be3 Ra3 26. Qc1 Rca8 27. Rd1 Nfd7 28. Nd4 g6 29. Nc6 Bf6 30. h4 R8a4
31. Qd2 Bg7 32. Qe2 Ra8 33. Bf3 Ra2 34. Rd2 R2a3 35. Rdd1 Ra2 36. Rd2 R2a4 37. Kg2 Bc3 38. Rc2 Bf6 39. Rd2 Ra3 40. Bf4 bxc6
41. dxc6 Ne5 42. Rxd6 Ra2 43. Ra1 Rxa1 44. Rxf6 Nxf3 45. Qxf3 Qxb5 46. Rxg6+ fxg6 47. Qd5+ Kg7=
1/2-1/2